000 01410nac a22003611i 4500
003 EG-ScBUE
005 20241127093938.0
008 241127t2004 njua f b 001 0 eng d
020 _a9780471466079
020 _a0471466077
040 _aEG-ScBUE
_beng
_erda
_cEG-ScBUE
_dEG-ScBUE
082 0 4 _a519.502465
_bBLA
_222
100 1 _aBlack, Ken,
_eauthor.
245 1 0 _aBusiness statistics :
_bfor contemporary decision making /
_cKen Black, University of Houston-Clear Lake.
250 _aFourth edition.
264 1 _aHoboken, NJ :
_bWiley,
_c[2004]
264 4 _cc2004
300 _axxix, 827 pages :
_billustrations (some color) ;
_c29 cm +
_e1 CD
336 _2rdacontent
_atext
_btxt
336 _2rdacontent
_asounds
_bsnd
337 _aunmediated
_2rdamedia
_bn
337 _aaudio
_2rdamedia
_bs
338 _avolume
_bnc
_2rdacarrier
338 _acomputer disc
_bcd
_2rdacarrier
500 _aSolution Manuel and Study Guide.
504 _aIncludes bibliographical references and index.
650 7 _aCommercial statistics.
_2BUEsh
655 _vReading book
856 4 2 _3Contributor biographical information
_uhttp://www.loc.gov/catdir/bios/wiley046/2003265512.html
856 4 2 _3Publisher description
_uhttp://www.loc.gov/catdir/description/wiley039/2003265512.html
856 4 2 _3Table of contents
_uhttp://www.loc.gov/catdir/toc/wiley032/2003265512.html
942 _cBB
_2ddc
999 _c4698
_d4698